000
002880000a22001330004500
003
MACL
040
_a
MACL
090
_c
9057
_d
9056
100
_a
A Board of Scholars
245
_a
Brahma Purana
_b
Part 4
260
_b
Motilal Banarsidass
_c
1986
650
_a
Religion
942
_c
BOOK
_k
294.59
999
_c
9002
_d
9002